|
|
|
|
| LEADER |
02307nam a2200589 i 4500 |
| 001 |
nkc20172876059 |
| 003 |
CZ PrNK |
| 005 |
20240112102926.0 |
| 007 |
ta |
| 008 |
170126s2017 xr a f 000 0 cze |
| 015 |
|
|
|a cnb002876059
|
| 020 |
|
|
|a 978-80-87030-50-9
|q (brožováno)
|z 978-80-87030-49-3
|
| 035 |
|
|
|a (OCoLC)1000492600
|
| 040 |
|
|
|a OLA001
|b cze
|e rda
|
| 041 |
0 |
|
|a cze
|b cze
|b eng
|
| 072 |
|
7 |
|a 632
|x Ochrana rostlin. Fytopatologie
|2 Konspekt
|9 24
|
| 080 |
|
|
|a 582.639.412
|2 MRF
|
| 080 |
|
|
|a 578.85/.86
|2 MRF
|
| 080 |
|
|
|a 632.38
|2 MRF
|
| 080 |
|
|
|a 632.934
|2 MRF
|
| 080 |
|
|
|a (083.744)
|2 MRF
|
| 100 |
1 |
|
|a Paprštein, František,
|d 1949-
|7 mzk2005309155
|4 aut
|
| 245 |
1 |
0 |
|a Certifikovaná metodika ozdravování třešně pomocí chemoterapie in vitro kultur :
|b certifikovaná metodika /
|c František Paprštein, Jiří Sedlák, Jaroslav Polák, Pavla Židová
|
| 250 |
|
|
|a Vydání: první
|
| 264 |
|
1 |
|a Holovousy :
|b Výzkumný a šlechtitelský ústav ovocnářský Holovousy s.r.o.,
|c 2017
|
| 300 |
|
|
|a 28 stran :
|b barevné ilustrace ;
|c 21 cm
|
| 336 |
|
|
|a text
|b txt
|2 rdacontent
|
| 337 |
|
|
|a bez média
|b n
|2 rdamedia
|
| 338 |
|
|
|a svazek
|b nc
|2 rdacarrier
|
| 490 |
1 |
|
|a Certifikovaná metodika
|
| 500 |
|
|
|a 350 výtisků
|
| 504 |
|
|
|a Obsahuje bibliografii a bibliografické odkazy
|
| 546 |
|
|
|a České a anglické resumé
|
| 650 |
0 |
7 |
|a třešeň
|7 ph498557
|2 czenas
|
| 650 |
0 |
7 |
|a rostlinné viry
|7 ph183311
|2 czenas
|
| 650 |
0 |
7 |
|a virové nemoci rostlin
|7 ph139195
|2 czenas
|
| 650 |
0 |
7 |
|a chemická ochrana rostlin
|7 ph153411
|2 czenas
|
| 650 |
0 |
9 |
|a Cerasus
|2 eczenas
|
| 650 |
0 |
9 |
|a plant viruses
|2 eczenas
|
| 650 |
0 |
9 |
|a virus diseases of plants
|2 eczenas
|
| 650 |
0 |
9 |
|a chemical plant protection
|2 eczenas
|
| 655 |
|
7 |
|a certifikované metodiky
|7 fd806827
|2 czenas
|
| 655 |
|
9 |
|a certified methodology
|2 eczenas
|
| 700 |
1 |
|
|a Sedlák, Jiří
|7 stk2008461907
|4 aut
|
| 700 |
1 |
|
|a Polák, Jaroslav,
|d 1942 leden 25.-
|7 jx20080611016
|4 aut
|
| 700 |
1 |
|
|a Židová, Pavla
|7 ola2017945786
|4 aut
|
| 810 |
2 |
|
|a Výzkumný a šlechtitelský ústav ovocnářský Holovousy.
|t Metodika
|0 s
|
| 910 |
2 |
|
|a BOA001
|b 2-1392.125
|
| 990 |
|
|
|a BK
|
| 995 |
|
|
|a 01
|
| 991 |
|
|
|b 201707
|c NOV
|
| 996 |
6 |
|
|b 2610713576
|c 2-1392.125
|l MZK
|r Sklad / do 1 hodiny
|n 1
|p p.v.
|w 001620143
|u 000010
|a 1
|e BOA001
|j MZK50
|s P
|